00875 2200301 4500001002100000005001500021035002000036007000300056008004100059020002200100082001600122084001800138100002600156245006400182250003100246300002800277650002100305264004100326336002100367337003000388338002300418090002200441850001200463504003200475999002200507040002200529990002200551INLIS00000000088070520230808094719 a0010-0823000195ta230808 2023 g ind  a978-623-138-033-304223a297.577 a297.577 ZUL u0 aZulkarnainePengarang10aUrgensi pendidikan agama Islam dalam keluarga /cZulkarnain aCetakan pertama, Juli 2023 avi, 94 halaman ;c20 cm 4aKeluarga (Islam)31aBantul :bLembaga Ladang Kata,c2023 2rdacontentateks 2rdamediaatanpa perantara 2rdacarrieravolume aCB-D.11 2023-1583 aYOPDYOG aBibliografi : halaman 88-94 aCB-D.11/2023-1583 aYOPDYOGbindcrda aCB-D.11/2023-1583